| 000 | 01146nam a22002897a 4500 | ||
|---|---|---|---|
| 003 | AUA.1 | ||
| 005 | 20150407120445.0 | ||
| 008 | 111220t xxu||||| |||| 00| 0 eng d | ||
| 010 | _a8171768 | ||
| 020 | _a0785247734X | ||
| 040 | _cFF | ||
| 050 |
_aBS 491.2 _b.W67 2002 |
||
| 100 |
_aAllen, Leslie C. _917982 |
||
| 245 |
_aWord Biblical commentary : _bPsalms 101-150, _cLeslie C. Allen. |
||
| 250 | _arevised edition | ||
| 260 |
_aNashville : _bThomas Nelson, _cc2002. |
||
| 300 |
_axxiv, 423 p. : _c24 cm. |
||
| 440 |
_aWord Biblical commentary: _nv.21 _948952 |
||
| 504 | _aInclude bibliographies and index. | ||
| 650 |
_vPsalms 101-150, revised _x Bible _yCommentaries _917983 |
||
| 700 |
_aHubbard, David A. _917984 _4General ed. |
||
| 700 |
_aBarker, Glenn W. _4General ed. _948953 |
||
| 700 |
_aWatts, John D.W. _4Old Testament ed. _948954 |
||
| 700 |
_aMartin, Ralph P. _4New Testament ed. _948955 |
||
| 942 |
_2lcc _cREF _hBS 491.2 _i.W67 2002 |
||
| 999 |
_c5182 _d5182 |
||